| Tag |
First Indicator |
Second Indicator |
Subfields |
| LEADER |
00000cam a2200000 a 4500 |
| 001 |
in00000886721 |
| 005 |
20150923135119.0 |
| 007 |
hd afb017baca |
| 007 |
hd bfb017baaa |
| 008 |
860313s1680 miu a 00000 eng d |
| 035 |
|
|
|a (OCoLC)13292047
|
| 035 |
|
|
|9 AEL3563AM
|
| 037 |
|
|
|a CL0037000055
|b University Microfilms International
|
| 037 |
|
|
|b University Microfilms International, 300 N. Zeeb Rd., Ann Arbor, MI 48106
|
| 040 |
|
|
|a EAG
|c EAG
|d UtOrBLW
|
| 049 |
|
|
|a TXAI
|
| 090 |
|
|
|a DA448
|b .C66
|
| 099 |
|
|
|a film
|a B
|a 3609
|
| 245 |
0 |
2 |
|a A Congratulatory poem upon the arrival of His Electoral Highness the Prince Palatine of the Rhine :
|b nephew to his Highness Prince Rupert.
|
| 264 |
|
3 |
|a London :
|b Printed for Langley Curtiss,
|c 1680.
|
| 300 |
|
|
|a 1 broadside.
|
| 336 |
|
|
|a text
|b txt
|2 rdacontent
|
| 337 |
|
|
|a microform
|b h
|2 rdamedia
|
| 338 |
|
|
|a microfilm reel
|b hd
|2 rdacarrier
|
| 500 |
|
|
|a Reproduction of original in the Harvard University Library.
|
| 510 |
4 |
|
|a Wing
|c C5841
|
| 533 |
|
|
|a Microfilm.
|b Ann Arbor, Mich. :
|c University Microfilms International,
|d 1984.
|e 1 microfilm reel ; 35 mm.
|f (Early English books, 1641-1700 : 1547:40)
|
| 500 |
|
|
|a Microform.
|
| 600 |
0 |
0 |
|a Karl Ludwig,
|c Elector Palatine,
|d 1617-1680
|x Poetry.
|
| 830 |
|
0 |
|a Early English books, 1641-1700 ;
|v 1547:40.
|
| 999 |
|
|
|a MARS
|
| 999 |
f |
f |
|s 652964bd-7186-3809-8897-6e492b94d20f
|i 923560cc-30cf-3947-8e44-62c462669107
|t 0
|
| 952 |
f |
f |
|p default
|a Texas A&M University
|b College Station
|c Sterling C. Evans Library
|d Evans: Microforms (3rd floor)
|t 0
|e film B 3609 1547:40
|h Other scheme
|i microform -- microfilm reel
|
| 998 |
f |
f |
|a film B 3609 1547:40
|t 0
|l Evans: Microforms (3rd floor)
|